Problems of population (Record no. 122704)

MARC details
000 -LEADER
campo de control de longitud fija 01263nam a2200217 i 4500
001 - NÚMERO DE CONTROL
campo de control 122704
003 - IDENTIFICADOR DE NÚMERO DE CONTROL
campo de control ES-MaACL
005 - FECHA Y HORA DE LA ÚLTIMA TRANSACCIÓN
campo de control 20230906192028.0
007 - CAMPO FIJO DE DESCRIPCIÓN FÍSICA--INFORMACIÓN GENERAL
campo de control de longitud fija t|
008 - DATOS DE LONGITUD FIJA--INFORMACIÓN GENERAL
campo de control de longitud fija 070214s1932 xxk |||| | eng d
111 2# - ENTRADA PRINCIPAL--NOMBRE DE CONGRESO/REUNIÓN
Nombre de congreso/reunión o jurisdicción como elemento de entrada General Assembly of the International Union for the Scientific Investigation of Population Problems (
Sede del congreso/Lugar de la reunión Londres (
Fecha del congreso o de la firma del tratado 1931) (
Número del congreso/reunión o número de parte o sección . 2ª)
9 (RLIN) 218933
245 10 - MENCIÓN DEL TÍTULO
Título Problems of population
Resto del título : being the report of the proceedings of the second General Assembly of the International Union for the Scientific Investigation of Population Problems : held at the Royal Society of Arts, London, June 15-18, 1931 /
Mención de responsabilidad, etc. ed. by G. H. L. F. Pitt-Rivers = Problèmes de population : compte-rendu des travaux de la deuxième Assemblée Générale de l'Union International pour l'Etude Scientifique des Problèmes de Population : tenue áa la Royal Society of Arts, áa Londres, les 15, 16, 17 et 18 juin 1931 / éd. par G.H.L.F. Pitt-Rivers.
246 31 - FORMA VARIANTE DEL TITULO
Título propio/Titulo breve Problèmes de population
260 ## - PUBLICACIÓN, DISTRIBUCIÓN, ETC.
Lugar de publicación, distribución, etc. London :
Nombre del editor, distribuidor, etc. George Allen,
Fecha de publicación, distribución, etc. 1932.
300 ## - DESCRIPCIÓN FÍSICA
Extensión 372 p. ;
Dimensiones 25 x 16 cm +
Material acompañante/anejo 1 mapa.
500 ## - NOTA GENERAL
Nota general Texto en inglés y francés.
650 ## - PUNTO DE ACCESO ADICIONAL DE MATERIA--TÉRMINO DE MATERIA
Término de materia o nombre geográfico como elemento de entrada Población.
9 (RLIN) 16139
700 1# - ENTRADA AGREGADA--NOMBRE PERSONAL
Nombre de persona Pitt-Rivers, George Henry Lane Fox.
9 (RLIN) 92425
852 ## - LOCALIZACIÓN
Ubicación ES-MaACL
Número de control de estantería A-1639
Holdings
Estatus retirado Estado de pérdida Estado de daño No para préstamo Biblioteca de origen Biblioteca actual Ubicación en estantería Fecha de adquisición Fuente de adquisición Total de préstamos Signatura topográfica completa Código de barras Visto por última vez Precio de reemplazo Tipo de ítem Koha
        Biblioteca del Ateneo de Madrid Biblioteca del Ateneo de Madrid Sala Pecera Planta 1 17/01/2008     A-1639 1127858 23/02/2023 23/02/2023 Libro impreso